1741 1703 1456 1667 1503 1701 1878 1778 1901 1237 1203 1873 1633 1789 1805 1303 1166 1083 1029 1181 1748 1705 1733 1172 1488 1895 1773 1356 1594 1114 1873 1946 1425 1661 1780 1987 1725 1151 1173 1090 1733 1353 1754 1911 1854 1747 1443 1765 1720 1322 1269 1026 2000 1451 1501 1835 1527 1739 1898 1628 1675 1477 1066 1987 1669 1285 1617 1932 1489 1789 1925 1224 1812 1732 1613 1461 1734 1405 1180 1586 1700 1786 1183 1933 1099 1664 1345 1475 1851 1867 1566 1751 1265 1099 1548 1294 1557 1563 1798 BCNSPRNW ULIB Ver.6.0+V

เปลี่ยนเป็นภาษาไทย

Change to English
 แสดงรายละเอียดบรรณานุกรม
  กลับหน้าหลัก

Brief Record : Get Marc (ISO 2709) : E-mail record : QR code < ปิดหน้าต่าง
LEADER : 00000nam 2200000uu 4500
001    13399129077
003     ULIB
008    020711s2566 th a 000 0 tha d
020    ^a9786169423300
060    ^aWB100^bว841C^cล.1
100    ^aวีระเดช พิศประเสริฐ, จันทรภา ศรีสวัสดิ์, ธันยชัย สุระ และวิชัย ประยูรวิวัฒน์, บรรณาธิการ
245    ^aCASE-BASED APPROACHES IN INTERNAL MEDICINE เล่ม 1
250    ^aพิมพ์ครั้งที่ 1
260    ^aกรุงเทพฯ :^bราชวิทยาลัยอายุรแพทย์แห่งประเทศไทย ในพระบรมราชูปถัมภ์,^c2566
300    ^a354 หน้า;^c19 ซม.
650    ^aผู้ป่วย^xการพยาบาล
710    ^aราชวิทยาลัยอายุรแพทย์แห่งประเทศไทย
945    ^p500^l0^i011771
945    ^p500^l0^i011772
999    ^aประนอม เกษจรัล
รายการนี้ยังไม่มีแท็ก
คุณยังไม่ได้ล็อกอิน คุณสามารถมีกิจกรรมร่วมกับเว็บไซต์ได้ แต่ต้องล็อกอินก่อน ::
  ล็อกอิน

รายการสื่อสารสนเทศ

ลำดับที่ ประเภท เลขเรียก/บาร์โค้ด สถานที่ สถานะ
1. วิทยาศาสตร์การแพทย์ และสุขภาพ
หนังสือสำรอง
สถานะ=หนังสือสำรอง
WB100 ว841C ล.1 ฉ.1 
  Barcode: 011771
ห้องสมุดวิทยาเขตสวรรค์ประชารักษ์
►หนังสือทั่วไป
บนชั้น
2. วิทยาศาสตร์การแพทย์ และสุขภาพ
วิทยาศาสตร์การแพทย์ และสุขภาพ
WB100 ว841C ล.1 ฉ.2 
  Barcode: 011772
ห้องสมุดวิทยาเขตสวรรค์ประชารักษ์
►หนังสือทั่วไป
บนชั้น
3. วิทยาศาสตร์การแพทย์ และสุขภาพ
วิทยาศาสตร์การแพทย์ และสุขภาพ
WB100 ว841C ล.1 ฉ.3 
  Barcode: 012193
ห้องสมุดวิทยาเขตสวรรค์ประชารักษ์
►หนังสือทั่วไป
บนชั้น

รายการใกล้เคียง
    ผู้แต่ง [วีระเดช พิศประเสริฐ, จันทรภา ศรีสวัสดิ์, ธันยชัย สุระ และวิชัย ประยูรวิวัฒน์, บรรณาธิการ]

    หัวเรื่อง [ผู้ป่วย การพยาบาล]

BibComment


ยังไม่เคยถูกคอมเมนท์

คอมเมนท์ทรัพยากรรายการนี้
  คอมเมนท์: CASEBASED APPROA..


 Copyright 2026. Bcnsprnw @Library